<?xml version="1.0" encoding="UTF-8"?>
<record
    xmlns:xsi="http://www.w3.org/2001/XMLSchema-instance"
    xsi:schemaLocation="http://www.loc.gov/MARC21/slim http://www.loc.gov/standards/marcxml/schema/MARC21slim.xsd"
    xmlns="http://www.loc.gov/MARC21/slim">

  <leader>00600cam a22002051  4500</leader>
  <controlfield tag="001">he 68000168 </controlfield>
  <controlfield tag="003">DLC</controlfield>
  <controlfield tag="005">20260227111452.0</controlfield>
  <controlfield tag="008">880816s1966    is            000 0 hebr </controlfield>
  <datafield tag="010" ind1=" " ind2=" ">
    <subfield code="a">he 68000168 </subfield>
  </datafield>
  <datafield tag="035" ind1=" " ind2=" ">
    <subfield code="a">(OCoLC)18362370</subfield>
  </datafield>
  <datafield tag="040" ind1=" " ind2=" ">
    <subfield code="a">DLC</subfield>
    <subfield code="c">CU</subfield>
    <subfield code="d">CU</subfield>
    <subfield code="d">DLC</subfield>
  </datafield>
  <datafield tag="042" ind1=" " ind2=" ">
    <subfield code="a">premarc</subfield>
  </datafield>
  <datafield tag="050" ind1="0" ind2="0">
    <subfield code="a">BM506.Z7</subfield>
    <subfield code="b">G7 1966</subfield>
  </datafield>
  <datafield tag="100" ind1="1" ind2=" ">
    <subfield code="a">Grainiman, &#x1E24;ayim Sha&#x2BC;ul ben Sh.</subfield>
  </datafield>
  <datafield tag="245" ind1="1" ind2="0">
    <subfield code="a">Sefer &#x1E24;idushim u-ve&#x2BC;urim:</subfield>
    <subfield code="b">Zeva&#x1E25;im,</subfield>
    <subfield code="c">me-iti &#x1E24;ayim Sha&#x2BC;ul Grainiman.</subfield>
  </datafield>
  <datafield tag="260" ind1=" " ind2=" ">
    <subfield code="a">Bene-Bera&#x1E33;,</subfield>
    <subfield code="c">727 [1966 or 7]</subfield>
  </datafield>
  <datafield tag="300" ind1=" " ind2=" ">
    <subfield code="a">38 l.</subfield>
    <subfield code="c">35 cm.</subfield>
  </datafield>
  <datafield tag="630" ind1="0" ind2="0">
    <subfield code="a">Talmud.</subfield>
    <subfield code="p">Zeva&#x1E25;im</subfield>
    <subfield code="x">Commentaries.</subfield>
  </datafield>
  <datafield tag="999" ind1=" " ind2=" ">
    <subfield code="c">32838</subfield>
    <subfield code="d">32838</subfield>
  </datafield>
</record>
